| 000 | 01120cam a22003617a 4500 | ||
|---|---|---|---|
| 003 | CHAP | ||
| 005 | 20220817040839.0 | ||
| 008 | 971013s1990 it a r 00010 eng d | ||
| 010 | _a1390 | ||
| 011 | _a2362 | ||
| 035 | _a1555 | ||
| 040 | _cCHAP | ||
| 082 | 0 | 4 |
_a628.746 _bF3 |
| 110 | 2 | _aFAO | |
| 245 | 1 | 4 | _aThe briquetting of agricultural wastes for fuel' |
| 260 |
_aRome : _bFAO, _c1990 |
||
| 300 |
_a131 p. _b: ilus. |
||
| 490 | 0 |
_aFAO. Medio ambiente y energía _v; 11 |
|
| 590 |
_aBATCH-UPD _b10 _c20130110 _lUCH01 _h0152 |
||
| 590 |
_aBATCH-UPD _b10 _c20130110 _lUCH01 _h1657 |
||
| 590 |
_aBATCH-UPD _b10 _c20130409 _lUCH01 _h2152 |
||
| 590 |
_aBATCH-UPD _b10 _c20130410 _lUCH01 _h1046 |
||
| 590 |
_aBATCH-UPD _b10 _c20130914 _lUCH01 _h1012 |
||
| 590 |
_aCONVERSION _b10 _c20130109 _lUCH01 _h1302 |
||
| 650 | 1 | 4 |
_aCombustibles. _925554 |
| 650 | 1 | 4 |
_aProductos agrícolas _xSubproductos. _992033 |
| 700 | 0 |
_aEriksson, S. _937314 |
|
| 700 | 0 |
_aPrior, M. _991663 |
|
| 830 | 0 |
_aFAO. Medio ambiente y energía _v; 11 _939622 |
|
| 901 | _aBK | ||
| 942 | _cLIBRO | ||
| 949 |
_a628.746 F3 _bBC _cFAO _d-11042 _eFAO1 _h78756 _i1555 _si |
||
| 999 |
_c1390 _d1390 |
||